Normal view
MARC view
- Corbalán Yuste, Fernando,
Entry Nombre Personal
001 - NUMERO DE CONTROL
- campo de control: 36229
003 - IDENTIFICADOR DE NUMERO DE CONTROL
- campo de control: UPN
005 - FECHA Y HORA DE LA ÜLTIMA TRANSACCIÓN
- campo de control: 20210219194512.0
008 - DATOS DE LONGITUD FIJA
- campo de control de longitud fija: nabaccnnaabn|||||||||| b |nc|||||d
035 ## - NUMERO DE CONTROL
- Número de control: UPN11000008336
040 ## - FUENTE DE CATALOGACIÓN
- Lenguaje de catalogación: SPA
- Agencia de transcripción: UPN
100 1# - ENCABEZAMIENTO - NOMBRE PERSONAL
- Nombre personal: Corbalán Yuste, Fernando,
- Fechas asociadas con el nombre: 1948-
400 1# - VEÁSE - NOMBRE DE PERSONA
- Personal name: Corbalán, Fernando,
- Dates associated with a name: 1948-
670 ## - FUENTE EN LA QUE SE LOCALIZARON DATOS
- Cita de la fuente: T
- Uniform Resource Identifier: http://www.lecturalia.com/autor/8531/fernando-corbalan
680 ## - NOTA PUBLICA DE ACCESO PÚBLICO
- Frase explicativa de la referencia: Licenciado en Matemáticas y Doctor en Filosofía y Letras español
902 ## - CATALOGADOR
- Catalogador: MMA/031214
